00478cam a22001572 4500001001100000005001700011008004100028020002600069040001500095100003500110245005600145260002800201300001100229650003800240650004200278000000920720151217152051.0080912s xx 000 0 eng d a9966723005 :cKES 450 aKABUcKABU1 aOmartian, Stormie.@000015192714aThe Power of a praying husband /cStormie Omartian. aNairobi :bArba,c2001. a221 p. 0aPrayerxChristianity.@0000149197 0aHusbandsxReligious life.@0000160300